Estadísticas para Geografía Ibérica

Haz click aquí para intentar la prueba.

Estadísticas generales

  • Esta prueba ha sido intentada 1.589 veces
  • La puntuación promedio es 13 de 20

Estadísticas de respuestas

PreguntaRespuesta% Correcto
¿Cuáles son los países que tienen territorio en Iberia?Portugal
100%
¿Cuáles son los países que tienen territorio en Iberia?España
99%
¿Cuáles son los países que tienen territorio en Iberia?Andorra
98%
¿Cuáles son los países que tienen territorio en Iberia?Francia
97%
¿Cuál es la ciudad más grande de Iberia?Madrid
93%
¿Cuáles son los países que tienen territorio en Iberia?Reino Unido
93%
¿Qué tipo de extensión geográfica es Iberia?Península
91%
¿Cuál es la cordillera que sirve como frontera natural de Iberia?Pirineos
87%
¿Cuál es la única lengua regional no de origen romántico?Euskera
81%
¿Qué territorio tiene el último país de arriba para estar incluido en Iberia?Gibraltar
79%
¿Cuál es el río más largo de Iberia?Tajo
74%
¿En qué ciudad se encuentra el Monumento a los Descubrimientos?Lisboa
60%
Y más probablemente, ¿de qué río viene el nombre Iberia en ese idioma?Ebro
53%
¿Cuál es el pico más alto de Iberia?Pico Mulhacén
51%
¿En qué parque nacional se encuentra ese pico?Sierra Nevada
42%
¿De qué idioma viene el nombre Iberia?Griego
39%
¿Cómo se llama el área geográfica central de Iberia rodeada de varias cordilleras?Meseta Central
30%
¿Cuál es el punto más meridional de Iberia y Europa continental?Punta de {Tarifa}
27%
¿Cuál es la subdivisión de primer nivel más grande de Iberia?Castilla y León
20%
¿Cuál es el punto más occidental de Iberia y Europa continental?Cabo de la Roca
9%

Distribución de puntuación

Porcentaje por número respondido

Porcentaje de gente con cada puntuación

Historial de tus puntuaciones

No has intentado esta prueba.